| 000 | 00370nam a2200145 a 4500 | ||
|---|---|---|---|
| 001 | 1363 | ||
| 003 | CDMR | ||
| 005 | 20130226181514.0 | ||
| 008 | 130130s1997||||||||||||||||||||||||||||d | ||
| 040 |
_aCDMR _bcat _cCDMR |
||
| 100 | 1 |
_aFont, Daniel _91059 |
|
| 245 | 1 | 0 |
_aGràcies... _cDaniel Font |
| 260 |
_aBarcelona _c1997 _bFederació Festa Major de Gràcia |
||
| 942 |
_cMON _2ddc |
||
| 999 |
_c1363 _d1363 |
||